LIBRARY ONLINE CATALOGUE

Financial accounting II : (Record no. 12706)

MARC details
000 -LEADER
fixed length control field 00603cam a22002052 4500
001 - CONTROL NUMBER
control field 0000002467
005 - DATE AND TIME OF LATEST TRANSACTION
control field 20151217155816.0
008 - FIXED-LENGTH DATA ELEMENTS--GENERAL INFORMATION
fixed length control field 070411s xx 000 0 eng d
020 ## - INTERNATIONAL STANDARD BOOK NUMBER
Terms of availability KES 1,000
040 ## - CATALOGING SOURCE
Original cataloging agency KABU
Transcribing agency KABU
050 #0 - LIBRARY OF CONGRESS CALL NUMBER
Classification number HF5635
Item number .S774
110 2# - MAIN ENTRY--CORPORATE NAME
Corporate name or jurisdiction name as entry element Strathmore University.
Subordinate unit Distance Learning Centre.
-- 0000150769
245 10 - TITLE STATEMENT
Title Financial accounting II :
Remainder of title subject no. 8 revision kit.
260 ## - PUBLICATION, DISTRIBUTION, ETC. (IMPRINT)
Place of publication, distribution, etc. Nairobi :
Name of publisher, distributor, etc. SUP,
Date of publication, distribution, etc. 2006.
300 ## - PHYSICAL DESCRIPTION
Extent vii, 189 p.
650 #0 - SUBJECT ADDED ENTRY--TOPICAL TERM
Topical term or geographic name as entry element Accounting.
-- 0000148321
908 ## - PUT COMMAND PARAMETER (RLIN)
Put command parameter 070411
950 ## - LOCAL HOLDINGS (RLIN)
-- 1
Holdings
Withdrawn status Lost status Source of classification or shelving scheme Not for loan Home library Current library Date acquired Total Checkouts Full call number Barcode Date last seen Price effective from Koha item type
    Library of Congress Classification   Kabarak, Main Campus Kabarak, Main Campus 17/12/2015   HF5635 .S774 002847 17/12/2015 17/12/2015 Africana Collection